| 000 | 00448nam a22001817a 4500 | ||
|---|---|---|---|
| 008 | 240210b |||||||| |||| 00| 0 eng d | ||
| 020 | _a8176221007 | ||
| 040 | _a30 | ||
| 082 | _a615.7 KHO | ||
| 100 | _aKHORY , RUSTOMJEE NASERWANJEE | ||
| 110 | _bAYURVEDA | ||
| 245 | _aPRINCIPLES AND PRACTICE OF AYURVEDA MEDICINE VOL-1 | ||
| 250 | _a2 ND | ||
| 260 |
_aDELHI _bBIOTECH BOOKS _c2008 |
||
| 300 | _a576 | ||
| 650 | _aPANCHKARMA | ||
| 942 | _c01 | ||
| 999 |
_c58164 _d58164 |
||